| 000 | 00810nam a2200205 a 4500 | ||
|---|---|---|---|
| 003 | 0 | ||
| 005 | 20250415162153.0 | ||
| 008 | 970101s19uu xx 00 eng d | ||
| 050 |
_aPGS PN 1992.8.C36 _b.B175 2004 |
||
| 100 | _aBaldemor, Ma. Christina Dayupay. | ||
| 245 |
_aA study on the effects of watching cartoons on grade six students / _cMa. Christina Dayupay Baldemor. |
||
| 260 |
_aLas PiƱas City, Philippines : _bSouthville International School and Colleges, _c2004. |
||
| 300 |
_a32 pages : _billustrations ; _c28 cm. |
||
| 504 | _aIncludes bibliographical references. | ||
| 650 |
_aCartoons and children _zPhilippines. |
||
| 650 |
_aTelevision and children _vPsychological aspects. |
||
| 650 | _aChild behavior and media. | ||
| 650 |
_aElementary students _vMedia exposure. |
||
| 942 |
_2lcc _cPASS |
||
| 999 |
_c96953 _d96953 |
||